000 00368nam a22001097a 4500
999 _c6857
_d6857
008 200331b ||||| |||| 00| 0 eng d
245 _aNational Accounts of Tanzania Mainland 2001-2011
_cMinistry of Finance.-
_hEnglish.
260 _aDar Es Salaam:
_bNational Bureau of Statistics,
_c2012.
300 _aiii, 46p;
_bill;
_c30cm.-
650 _2ACCOUNTING
942 _2ddc
_cBOOKS